Pravda o vožde geroičeskoj epochy

Bibliographic Details
Main Author: Čangli, Irina Ivanovna, 1915-2011 (Author)
Format: Book
Language:Russian
PhysicalDescription:130 s. tab. 22 cm
Published: Moskva Centr social'nogo prognozirovanija 2004
ISBN:5982010030
Subjects:

MARC

LEADER 00000nam a2200000 a 4500
001 vtls008426151
003 SK-MaSNL
005 20260301021350.0
008 240318s2004 ru l g 000 0 rus
020 |a 5982010030  |q (brož.) 
040 |a SNK  |b slo  |c SNK  |e AACR2 
041 0 |a rus 
043 |a e-ur--- 
044 |a ru  |c RU 
072 7 |a 94(47)  |x Dejiny krajín východnej Európy  |2 konspekt 
080 |a 338.2  |2 2001 
080 |a 328/329  |2 2001 
080 |a 94(470+571)  |2 2001 
080 |a (048.8)  |2 2001 
100 1 |a Čangli, Irina Ivanovna,  |d 1915-2011  |4 aut  |9 310203 
245 1 0 |a Pravda o vožde geroičeskoj epochy  |c I. I. Čangli 
260 |a Moskva  |b Centr social'nogo prognozirovanija  |c 2004 
300 |a 130 s.  |b tab.  |c 22 cm 
600 1 7 |a Stalin, Josif Vissarionovič,  |d 1879-1953  |2 SNKMA  |9 9996 
650 0 7 |a hospodárska politika  |2 SNKPH  |9 2279 
650 0 7 |a kultúrna politika  |2 SNKPH  |9 66926 
650 0 7 |a politika a vláda  |2 SNKPH  |9 3868 
651 7 |a Sovietsky zväz  |2 SNKPH  |9 22126 
655 7 |a monografie  |2 SNKPH  |9 70139 
919 |a 5-98201-003-0 
999 |c 565183  |d 567113 
952 |a SNK  |b SNK  |y VYP  |7 0  |p 17A0501444  |o snkIC 133089  |i snk2006/5792  |8 2  |g 2.99  |0 0  |1 0  |4 0  |d 2006-01-25  |l 0  |r 2026-02-23 13:55:34  |w 2026-02-23